UM Logo

Twisted 6/ (Record no. 3506)

MARC details
000 -LEADER
fixed length control field 00454nam a22001577a 4500
008 - FIXED-LENGTH DATA ELEMENTS--GENERAL INFORMATION
fixed length control field 160721b xxu||||| |||| 00| 0 eng d
020 ## - INTERNATIONAL STANDARD BOOK NUMBER
International Standard Book Number 9712712125
082 ## - DEWEY DECIMAL CLASSIFICATION NUMBER
Edition number 2002
Classification number DFil 899.2104
Item number Z1
100 ## - MAIN ENTRY--PERSONAL NAME
9 (RLIN) 11689
Personal name Zafra, Jessica
245 ## - TITLE STATEMENT
Title Twisted 6/
Statement of responsibility, etc. Jessica Zafra
260 ## - PUBLICATION, DISTRIBUTION, ETC. (IMPRINT)
Place of publication, distribution, etc. Pasig City:
Name of publisher, distributor, etc. Anvil Publishing Inc.,
Date of publication, distribution, etc. c2002.
300 ## - PHYSICAL DESCRIPTION
Extent 249 pages:
Dimensions 22 cm.
650 #0 - SUBJECT ADDED ENTRY--TOPICAL TERM
9 (RLIN) 11690
Topical term or geographic name as entry element Philippine essays (English)
365 ## - TRADE PRICE
Price amount 195.00
Currency code Php.
942 ## - ADDED ENTRY ELEMENTS (KOHA)
Source of classification or shelving scheme Dewey Decimal Classification
Koha item type Filipiniana
Holdings
Withdrawn status Lost status Source of classification or shelving scheme Damaged status Not for loan Collection code Home library Current library Date acquired Source of acquisition Total Checkouts Full call number Barcode Date last seen Cost, replacement price Price effective from Koha item type
    Dewey Decimal Classification     Filipiniana UM Digos College - LIC UM Digos College - LIC 10/14/2003 Purchased   DFil 899.2104 Z1 2002 16210 05/15/2025 195.00 07/21/2016 Filipiniana